Nabalaki basi mibale : (Record no. 37748)
[ view plain ]
| 000 -LEADER | |
|---|---|
| fixed length control field | 00404nam a22001451a 4500 |
| 003 - CONTROL NUMBER IDENTIFIER | |
| control field | NEGST |
| 005 - DATE AND TIME OF LATEST TRANSACTION | |
| control field | 20110718132544.0 |
| 008 - FIXED-LENGTH DATA ELEMENTS--GENERAL INFORMATION | |
| fixed length control field | 040608s1970 001 0 eng d |
| 100 1# - MAIN ENTRY--PERSONAL NAME | |
| Personal name | Lemba, Augustin. |
| 245 10 - TITLE STATEMENT | |
| Title | Nabalaki basi mibale : |
| Remainder of title | lisolo lya bomoi bwa bato / |
| Statement of responsibility, etc | Augustin Lemba. |
| Medium | [Text] |
| 260 ## - PUBLICATION, DISTRIBUTION, ETC. (IMPRINT) | |
| Place of publication, distribution, etc | Kinshasa |
| Name of publisher, distributor, etc | Limete |
| Date of publication, distribution, etc | 1970 |
| 300 ## - PHYSICAL DESCRIPTION | |
| Extent | 142p. |
| 590 ## - LOCAL NOTE (RLIN) | |
| Local note | Accession number: 30422 |
| Withdrawn status | Lost status | Source of classification or shelving scheme | Damaged status | Not for loan | Collection code | Home library | Current library | Shelving location | Date acquired | Source of acquisition | Cost, normal purchase price | Full call number | Barcode | Date last seen | Copy number | Price effective from | Koha item type |
|---|---|---|---|---|---|---|---|---|---|---|---|---|---|---|---|---|---|
| Library of Congress Classification | General Circulation | AIU/NEGST - Tony Wilmot Memorial Library | AIU/NEGST - Tony Wilmot Memorial Library | General Stacks | 10/22/2009 | Donation | 7.00 | PL 8456.9.L46N33 | R097443L232 | 08/12/2014 | 1 | 10/22/2009 | Africana collection (General) |
